Visión Colombia II centenario : (Registro nro. 12458)
[ vista simple ]
| 000 -LEADER | |
|---|---|
| fixed length control field | 01435nam a2200301Ia 4500 |
| 003 - CONTROL NUMBER IDENTIFIER | |
| control field | OSt |
| 005 - DATE AND TIME OF LATEST TRANSACTION | |
| control field | 20210914134450.0 |
| 008 - FIXED-LENGTH DATA ELEMENTS--GENERAL INFORMATION | |
| fixed length control field | 130821s2006 ck a gr spa |
| 020 ## - INTERNATIONAL STANDARD BOOK NUMBER | |
| International Standard Book Number | 9588025672 |
| 040 ## - CATALOGING SOURCE | |
| Original cataloging agency | Co-BoUCM |
| Language of cataloging | spa |
| Transcribing agency | CO-JMCR |
| 041 00 - LANGUAGE CODE | |
| Language code of text/sound track or separate title | spa |
| 082 04 - DEWEY DECIMAL CLASSIFICATION NUMBER | |
| Classification number | 338.9861 / |
| Item number | C718g |
| Edition number | 23 |
| 110 2# - MAIN ENTRY--CORPORATE NAME | |
| Corporate name or jurisdiction name as entry element | Colombia. |
| Subordinate unit | Departamento Nocional de Planeación |
| 9 (RLIN) | 40366 |
| 245 10 - TITLE STATEMENT | |
| Title | Visión Colombia II centenario : |
| Remainder of title | generar una infraestructura adecuada para el desarrollo. Propuesta para discusión / |
| Statement of responsibility, etc. | Departamento Nocional de Planeación, Ministerio de Comunicaciones, Ministerio de Minas y Energía, [y otro 1]. |
| 260 ## - PUBLICATION, DISTRIBUTION, ETC. | |
| Place of publication, distribution, etc. | Bogotá (Colombia) : |
| Name of publisher, distributor, etc. | El Ministerio |
| Date of publication, distribution, etc. | 2006 |
| 300 ## - PHYSICAL DESCRIPTION | |
| Extent | xxi, 98 páginas : |
| Other physical details | ilustraciones, mapas y gráficas en blanco y negro ; |
| Dimensions | 28 cm. |
| 504 ## - BIBLIOGRAPHY, ETC. NOTE | |
| Bibliography, etc. note | Incluye bibliografía: páginas 96-99, y notas a pie de página. |
| 505 0# - FORMATTED CONTENTS NOTE | |
| Formatted contents note | De dónde venimos y dónde vamos. -- Visión estratégica y principios fundamentales. -- Sector transporte . -- Sector telecomunicaciones. -- Sector minero energético. |
| 650 14 - SUBJECT ADDED ENTRY--TOPICAL TERM | |
| Topical term or geographic name entry element | Economía |
| 9 (RLIN) | 174 |
| 650 24 - SUBJECT ADDED ENTRY--TOPICAL TERM | |
| Topical term or geographic name entry element | Macroeconomía |
| 9 (RLIN) | 18838 |
| 650 24 - SUBJECT ADDED ENTRY--TOPICAL TERM | |
| Topical term or geographic name entry element | Minería |
| Geographic subdivision | Colombia |
| 9 (RLIN) | 19569 |
| 650 24 - SUBJECT ADDED ENTRY--TOPICAL TERM | |
| Topical term or geographic name entry element | Telecomunicaciones |
| Geographic subdivision | Colombia |
| 9 (RLIN) | 25168 |
| 650 24 - SUBJECT ADDED ENTRY--TOPICAL TERM | |
| Topical term or geographic name entry element | Transporte |
| Geographic subdivision | Colombia |
| 9 (RLIN) | 25687 |
| 651 14 - SUBJECT ADDED ENTRY--GEOGRAPHIC NAME | |
| Geographic name | Colombia |
| General subdivision | Política económica |
| 9 (RLIN) | 26606 |
| 710 2# - ADDED ENTRY--CORPORATE NAME | |
| Corporate name or jurisdiction name as entry element | Ministerio de Comunicaciones |
| Relator term | autor |
| 9 (RLIN) | 10851 |
| 710 2# - ADDED ENTRY--CORPORATE NAME | |
| Corporate name or jurisdiction name as entry element | Ministerio de Minas y Energía, |
| Relator term | autor |
| 9 (RLIN) | 38806 |
| 942 ## - ADDED ENTRY ELEMENTS (KOHA) | |
| Koha item type | Books |
| Source of classification or shelving scheme | Dewey Decimal Classification |
| Withdrawn status | Lost status | Source of classification or shelving scheme | Damaged status | Not for loan | Home library | Current library | Shelving location | Date acquired | Source of acquisition | Full call number | Barcode | Date last seen | Copy number | Price effective from | Koha item type |
|---|---|---|---|---|---|---|---|---|---|---|---|---|---|---|---|
| Dewey Decimal Classification | Biblioteca Pública José María del Castillo y Rada | Biblioteca Pública José María del Castillo y Rada | General Stacks | 04/15/2018 | Donación | 338.9861 / C718g | 430005264 | 05/16/2024 | Ej.1 | 03/10/2021 | Books |